US Cities Along Interstate 95 - Statistics

General Stats
  • This quiz has been taken 115 times
  • The average score is 27 of 106
Answer Stats
State City % Correct
New York New York City
87%
Florida Jacksonville
85%
Pennsylvania Philadelphia
85%
Florida Miami
83%
Virginia Richmond
83%
Maryland Baltimore
82%
Georgia Savannah
82%
Rhode Island Providence
79%
Delaware | New Jersey Newark
78%
Maine Augusta
73%
Maine Portland
73%
Delaware Wilmington
71%
Florida Fort Lauderdale
70%
Florida Daytona Beach
67%
Connecticut New Haven
67%
Maine Bangor
65%
Virginia Alexandria
59%
Connecticut Bridgeport
55%
Florida West Palm Beach
46%
North Carolina Fayetteville
43%
Connecticut Stamford
41%
Florida Melbourne
36%
New Hampshire Portsmouth
35%
New Jersey Elizabeth
34%
Florida Port St. Lucie
34%
Florida Boca Raton
33%
South Carolina Florence
32%
Florida Hollywood
32%
Georgia Brunswick
29%
Virginia Fredericksburg
29%
Connecticut New London
28%
Virginia Petersburg
28%
Maine Lewiston
27%
New York New Rochelle
27%
Rhode Island Warwick
27%
Pennsylvania Chester
24%
North Carolina Rocky Mount
23%
Florida North Miami
22%
Rhode Island Pawtucket
21%
North Carolina Lumberton
20%
Florida Cocoa
19%
Florida Delray Beach
19%
Connecticut Norwalk
19%
Florida Titusville
18%
Maryland College Park
17%
Florida Fort Pierce
17%
Florida Palm Bay
17%
Florida Pompano Beach
17%
North Carolina Roanoke Rapids
17%
New York Rye
17%
Rhode Island Cranston
16%
Virginia Emporia
15%
Massachusetts Newton
14%
Florida Boynton Beach
13%
Virginia Colonial Heights
13%
Maryland Havre de Grace
13%
Florida Palm Coast
13%
North Carolina Wilson
13%
Maryland Aberdeen
12%
South Carolina Dillon
12%
Maine South Portland
12%
Connecticut West Haven
12%
Georgia Darien
11%
Florida Deerfield Beach
11%
Maryland Laurel
11%
Florida Ormond Beach
11%
North Carolina Dunn
10%
Connecticut Milford
10%
Maine Saco
10%
Florida Lake Worth Beach
9%
Florida New Smyrna Beach
9%
Georgia Pooler
9%
Maine Auburn
7%
Georgia Kingsland
7%
Florida Palm Beach Gardens
7%
South Carolina Walterboro
7%
Florida Dania Beach
6%
Maryland Greenbelt
6%
South Carolina Hardeeville
6%
Maine Waterville
6%
Florida West Melbourne
6%
Massachusetts Attleboro
5%
Maine Biddeford
5%
Florida Hallandale Beach
5%
Georgia Midway
5%
Maryland New Carrollton
5%
Florida North Miami Beach
5%
Florida Oakland Beach
5%
Georgia Port Wentworth
5%
Georgia Riceboro
5%
Georgia Richmond Hill
5%
Florida Riviera Beach
5%
Massachusetts Waltham
5%
Georgia Woodbine
5%
Maine Old Town
4%
Florida Port Orange
4%
Florida Edgewater
3%
Massachusetts Newburyport
3%
Florida Rockledge
3%
New Jersey Englewood
2%
Massachusetts Peabody
2%
Massachusetts Woburn
2%
Massachusetts Amesbury
1%
Florida Fellsmere
1%
Maryland Glenarden
1%
No matching quizzes found
Score Distribution
Percent of People with Each Score
Percentile by Number Answered
Your Score History
You have not taken this quiz